000 00432nam a22001697a 4500
005 20160430093742.0
008 160430b xxu||||| |||| 00| 0 eng d
020 _a0-07-058286-6
041 _aeng
082 _b00978
100 _aCarr H. Hauston Snyder A. Charles
_9294
245 _aMnagement of Telicommunications
260 _aNew Delhi
_bTata MC Graw Hill,
_c2003
300 _a809
650 _aManagement
_9241
942 _cBK
999 _c340
_d340